Historia de los derechos fundamentales. Tomo III: Siglo XIX. La Filosofa̕ de los Derechos Humanos. / Volumen II. Libro I

Detalles Bibliográficos
Autor principal: Dorado Porras, Javier
Formato: eBook
Lenguaje:español
Publicado: Madrid: Dykinson, 2009
Colección:Historia de los derechos fundamentales
Materias:
Acceso en línea:Acceso restringido

MARC

LEADER 00000nam a22000007a 4500
005 20141008221259.0
007 cr|||| ||||
008 141008s2009 es |||||s|||| 00||0 spa d
020 |a 978-84-9849-147-0 
035 |a 12414 
040 |a vLex 
090 |c 5190  |d 5190 
100 1 |a Dorado Porras, Javier 
245 1 0 |a Historia de los derechos fundamentales.   |h [Recurso electrn̤ico] :  |b Tomo III: Siglo XIX. La Filosofa̕ de los Derechos Humanos. /  |c Javier Dorado Porras  |n Volumen II.  |p Libro I 
256 |a Servicio en ln̕ea 
260 |a Madrid:  |b Dykinson,  |c 2009 
300 |a 1 recurso electrn̤ico 
490 0 0 |a Historia de los derechos fundamentales 
500 |a La obra "Historia de los derechos fundamentales. Tomo III. Siglo XIX" est ̀formada por: Volumen I. El contexto social, cultural y polt̕ico de los derechos. Los rasgos generales de evolucin̤. Libro I y II Volumen II. La filosofa̕ de los derechos humanos. Libro I y II Volumen III. El derecho positivo de los Derechos Humanos. Derechos Humanos y Comunidad Internacional. Tambiň est ̀disponible el Tomo I “Trǹsito a la modernidad” (siglo XVI y XVII) y el Tomo II (Siglo XVIII). 
506 1 |a Disponible solo en los productos indicados  |d vLex Global  |d vLex Global (Academic Edition, excluding Law Schools)  |d vLex Global (U.S. Academic Edition, Law Schools)  |d vLex Global (U.S. Academic Edition, excluding Law Schools)  |d vLex Global (Academic Edition, Law Schools) 
650 0 4 |a Derecho Civil  |z Espaą 
650 0 4 |a Derecho Militar  |z Espaą 
740 0 |a vLex Libros (Servicio en ln̕ea) 
856 4 0 |u http://vlex.com/source/historia-de-los-derechos-fundamentales-tomo-iii-siglo-xix-volumen-ii-la-filosofia-de-los-derechos-humanos-libro-i-12414  |z Acceso restringido 
942 |c BOOK 
999 0 |a Civil Law 
999 0 |a Military Law